[Event "TUR-ch (Women)"]
[Site "Antalya"]
[Date "2018.03.09"]
[Round "7"]
[White "Sahin, Ulku"]
[Black "Dulger, Hatice Gulsum"]
[Result "0-1"]
[WhiteElo "1068"]
[BlackElo "1093"]
[PlyCount "56"]
[EventDate "2018.03.05"]
[EventType "swiss"]
[EventRounds "9"]
[EventCountry "TUR"]
[SourceTitle "CBM 183 Extra"]
[Source "ChessBase"]
[SourceDate "2018.04.19"]
[SourceVersion "1"]
[SourceVersionDate "2018.04.19"]
[SourceQuality "1"]

1. d4 e6 2. e4 d5 3. e5 c5 4. c4 Nc6 5. Nf3 cxd4 6. cxd5 Qxd5 7. Bf4 Qe4+ 8. Be2 Qxf4 9. Bb5 Nge7 10. Nxd4 a6 11. Ne2 Qxe5 12. Bd3 Nd5 13. g3 Bb4+ 14. Nd2 Ne3 15. fxe3 Qxe3 16. a3 Bc5 17. Nc4 Qg5 18. b4 Be7 19. 0-0 b5 20. Nb6 Qe3+ 21. Rf2 Qxb6 22. Rc1 0-0 23. Be4 Bb7 24. Kf1 Ne5 25. Nf4 Bxe4 26. Ke1 Bg5 27. Re2 Bf3 28. Qd2 Qg1# 0-1

[Event "TUR-ch (Women)"]
[Site "Antalya"]
[Date "2018.03.05"]
[Round "1"]
[White "Sahin, Ulku"]
[Black "Sen, Nehir"]
[Result "0-1"]
[WhiteElo "1068"]
[BlackElo "1224"]
[PlyCount "72"]
[EventDate "2018.03.05"]
[EventType "swiss"]
[EventRounds "9"]
[EventCountry "TUR"]
[SourceTitle "CBM 183 Extra"]
[Source "ChessBase"]
[SourceDate "2018.04.19"]
[SourceVersion "1"]
[SourceVersionDate "2018.04.19"]
[SourceQuality "1"]

1. g3 g6 2. Bg2 Bg7 3. Nf3 d6 4. d4 Nf6 5. c4 0-0 6. Nc3 Nc6 7. d5 Nb8 8. e4 Nbd7 9. Be3 h6 10. Bd4 e5 11. Be3 Ng4 12. Bd4 exd4 13. Nxd4 Ngf6 14. 0-0 Re8 15. Re1 Ne5 16. h3 Nxc4 17. b3 Ne5 18. f3 Nh5 19. Nce2 Nd7 20. Kf2 Qe7 21. Nf4 Nxf4 22. gxf4 Qh4+ 23. Ke3 Qg3 24. Rg1 Nc5 25. Qe1 Rxe4+ 26. Kd2 Rxe1 27. Rgxe1 Qxg2+ 28. Re2 Qg3 29. Ke3 Bxh3 30. Ree1 Re8+ 31. Kd2 Rxe1 32. Rxe1 Bxd4 33. Ke2 Qxf4 34. Kd1 Qxf3+ 35. Re2 Bg4 36. Ke1 Qxe2# 0-1